000 00932nam a2200265 i 4500
001 C00038653c
005 20241029145115.0
008 000221s1998 sp a 001 0 spa d
020 _a84-482-1850-7
080 _a737.1(460.315 Vinalopó):338(460.315)
100 1 _aAlberola, Antonio.
_925500
245 1 0 _aMoneda antigua y vida económica en las comarcas del Vinalopó /
_cAntonio Alberola, Juan Manuel Abascal.
260 _aValencia :
_bGeneralitat,
_cD.L. 1998.
300 _a272 p., XIII p. de lám. :
_bil. ;
_c23 cm.
490 0 _aEstudis Numismàtics Valencians ;
_v9
500 _aIndices.
500 _aBibliografía.
650 _aMonedas españolas-
_zEspaña-
_zAlbacete.
_991117
651 4 _aVinalopó (Alicante, España)
_925501
700 1 _aAbascal, Juan Manuel.
_925502
710 1 _aValencia (Comunidad Autónoma).
_bGeneralitat.
_911750
852 4 2 _jE-5206
999 _c37777
_d37777